000 00893nam a2200253Ia 4500
003 OSt
005 20220923211407.0
006 a|||||r|||| 00| 0
007 ta
008 220922b |||||||| |||| 00| 0 hin d
020 _a9788189924096 (hbk)
_c400
024 _a238,971
037 _b453, 21/03/2009, Vani Prakashan
_cTextual
040 _aARTS
_cARTS
_bhin
041 _2hin
_ahin
082 _aO152,1I83x, P8
100 _aगुप्त, किशोरीलाल
245 0 _aसूरजदास - छापी - पदावली
246 _aSūrajadās - chhāpī - padāvalī
260 _aइलाहाबाद
_b जयभारती प्रकाशन
_c2008
300 _a461पृ.
_ccm.
942 _hO152,1I83x, P8
_cTEXL
_2CC
999 _c299049
_d299049